Spell the Marvel Hero #102 - Statistics

General Stats
  • This quiz has been taken 14 times
  • The average score is 5 of 6
Answer Stats
Picture Answer % Correct
Hawkeye
100%
Gambit
92%
Okoye
92%
Union Jack
83%
Hogun
75%
Nikki
25%
No matching quizzes found
Score Distribution
Percent of People with Each Score
Percentile by Number Answered
Your Score History
You have not taken this quiz